Statistics for Státy podle emotikonů #2 Asie

Click here to take the quiz!

General Stats

  • This quiz has been taken 51 times
    (50 since last reset)
  • The average score is 8 of 18

Answer Stats

NápovědaStát% Correct
🐼🥢🏭Čína
89%
🍣🗻🌸Japonsko
86%
🔯🧔🏻‍♂️🕍Izrael
73%
🐎🏔⛺Mongolsko
54%
🚩🏔⛩Nepál
54%
🏒🥃🧊Rusko
51%
🚙🍜🎤Jižní Korea
46%
🍚🩴🛺Vietnam
46%
🐯🧘‍♀️🏏Indie
43%
🕌🥙☕Turecko
43%
💰🌃🎡Singapur
38%
🍃🫖🐘Šrí Lanka
35%
🍤🌴🌶Thajsko
35%
☪️🐫🏜Saudská Arábie
27%
👳🏾‍♂️🛢🗡️Katar
22%
🌆🌴🏎️Spojené arabské emiráty
22%
✝️⛰🥾Gruzie
14%
🧂🌊🏜Jordánsko
11%

Score Distribution

Percentile by Number Answered

Percent of People with Each Score

Your Score History

You have not taken this quiz since the last reset